01016njm a22002777a 45000050016000000060019000160070015000350080041000500280021000910350013001120400012001251000014001372450094001512460057002452600033003023000082003355000018004175000010004355000010004455000018004555050164004736500049006377000021006867000020007077000011007272010091306256.0a|||||r|||||00| 0 sd ammalaaahaa100910t xxu||||| |||| 00| 0 hin d aBOE. 2327bOdeon aGR-02100 aSED/VEN aManna Dey aAnnadta part. 1 /cby Manna Dey & Sibita Chowdhury ; music Salil Chowdhury ; lyric Yogesh aअन्नाद्ता (मन्ना डे) aDum Dum, IndiabOdeoncn. d. a1 sound disc : [Gramophone Record]banalog, 45 rpmc7 in.fGramophone Records aBrief record. aOdeon aBlack aExtended Play aYahan ab kya rahna (Annadata), Bol re papihara (Guddi) (यहाँ अब क्या रहना) (बोल रे पपिहरा) पार्ट. 2 xExcerptszIndiaaClassical musicvFilmi song aSibita Chowdhury aSalil Chowdhury aYogesh